00387nam a2200121Ia 4500008004100000024004300041082001900084100004900103245002800152260002500180600002700205650003300232250506s9999 xx 000 0 und d a12B-98-EL, 12B-115-EL & 12B-176-EL a670.427072 MUH aMuhammad Ishaq, Ahmar Shariq & Zia-ur-Rahman 0aAutomatic Table Cleaner aKarachi:bUIT,c2012 aElectrical Engineering aBachelor of Engineering (BE)